Les Structures Géographiques - Statistiques

Statistiques générales
  • Ce quiz a été pris 55 fois
  • Le résultat moyen est 11 sur 20
Statistiques - réponses
Par images Hint Réponse % Correct
Vaste étendue d'eau salée qui couvre une grande partie de la surface du globe terrestre. Océan
94%
Vaste étendue de terres émergées Continent
92%
Court d'eau important se jetant dans la mer ou l'océan Fleuve
92%
Étendue de terre ferme émergée d'une manière durable dans les eaux. Île
90%
Grande étendue d’eau salée, souvent partiellement entourée de terres. Mer
86%
Grande nappe naturelle d'eau à l'intérieur des terres. Lac
74%
Gorge aux parois abruptes, creusée par un cours d'eau. Canyon
64%
Vaste échancrure d'une côte où avance la mer. Golfe
62%
Crique entourée de rochers, en Méditerranée. Calanque
52%
Petit lac d'eau salée entre la terre et un récif corallien. Lagon
50%
Île en forme d'anneau constituée de récifs coralliens entourant un lagon. Atoll
48%
Grande presqu'île ; région ou pays qu'entoure la mer de tous côtés sauf un. Péninsule
48%
Échancrure d'une côte, dont l'entrée est resserrée. Baie
44%
Embouchure dessinant un golfe évasé et profond. Estuaire
42%
Bande de terre resserrée entre deux mers ou deux golfes et réunissant deux terres Isthme
42%
Dépôt d'alluvions émergeant à l'embouchure d'un fleuve et la divisant en bras de plus en plus ramifiés. Delta
40%
Ancienne vallée glaciaire envahie par les eaux marines. Fjord
40%
Pointe de terre qui s'avance dans la mer. Cap
20%
Grand bassin ayant une issue vers la mer et où les navires peuvent mouiller. Rade
12%
île baignant dans une étendue d'eau fermée. Île lacustre
2%
Aucun quiz correspondant
Distribution des résultats
% des personnes avec chaque résultat
Percentile par nombre de réponses
Votre historique - résultats
Vous n’avez pas pris ce quiz